Countries of the World by Native Language - Statistics

General Stats
  • This quiz has been taken 21 times
  • The average score is 93 of 196
Answers on the Map
Answers color-coded by a green-red scale on the quiz's map according to % correct below.
 
Answer Stats
Hint Answer % Correct
Canada Canada
95%
Germany Deutschland
95%
United States United States/Estados Unidos/États-Unis/'Amelika Hui Pū 'ia
95%
France France
89%
Mexico México/Mexihco
89%
Australia Australia
84%
India Bhārôt/India/Bhārat/Bhāratam/Bāratam/Bhāratadēśam
84%
Colombia Colombia
84%
Cuba Cuba
84%
Ecuador Ecuador
84%
Ireland Éire/Ireland
84%
Guatemala Guatemala
84%
Haiti Haïti/Ayiti
84%
Honduras Honduras
84%
New Zealand New Zealand/Aotearoa
84%
Nicaragua Nicaragua
84%
United Kingdom United Kingdom/Britain/Y Deyrnas Unedig/Unitit Kinrick/Rìoghachd Aonaichte/ Ríocht Aontaithe/An Rywvaneth Unys
84%
Argentina Argentina
79%
Belize Belize
79%
Brazil Brasil
79%
Chile Chile
79%
El Salvador El Salvador
79%
Guyana Guyana
79%
Iran Īrān
79%
Panama Panamá
79%
Paraguay Paraguay/Paraguái
79%
Suriname Suriname
79%
Uruguay Uruguay
79%
Venezuela Venezuela
79%
Bolivia Bolivia/Buliwya/Wuliwya/Volívia
74%
Costa Rica Costa Rica
74%
Spain España/Espanya/Eapainia/Espanha
74%
Italy Italia
74%
Jamaica Jamaica
74%
Portugal Portugal
74%
The Bahamas The Bahamas
74%
Turkey Türkiye
74%
Laos Lao
68%
Malta Malta
68%
Saint Kitts and Nevis Saint Kitts and Nevis
68%
Saint Lucia Saint Lucia
68%
Saint Vincent and the Grenadines Saint Vincent and the Grenadines
68%
South Africa South Africa/Suid-Afrika/iNingizimu Afrika/uMzantsi Afrika/Afrika-Borwa/Afrika Borwa/Aforika Borwa/Afurika Tshimembe/Afrika Dzonga/Afrika iNingizimu/iSewula Afrika
68%
Tonga Tonga
68%
Tuvalu Tuvalu
68%
Andorra Andorra
63%
Marshall Islands Aorōkin Majel/Marshall Islands
63%
Barbados Barbados
63%
Palau Belau/Palau
63%
Belgium België/Belgique/Belgien
63%
Dominica Dominica
63%
Eswatini Eswatini/eSwatini
63%
Federated States of Micronesia Federated States of Micronesia
63%
Fiji Fiji/Viti
63%
Lesotho Lesotho
63%
Nauru Nauru/Naoero
63%
Pakistan Pakistan/Pākistān
63%
Romania România
63%
Samoa Samoa/Sāmoa
63%
Sri Lanka Sri Lankā
63%
Finland Suomi/Finland
63%
Trinidad and Tobago Trinidad and Tobago
63%
Antigua and Barbuda Aanteega an' baabyuuda/Antigua and Barbuda
58%
Angola Angola/Ngola
58%
Belarus Bielaruś/Belarus
58%
Botswana Botswana
58%
Cameroon Cameroun/Cameroon
58%
Gabon Gabon
58%
Ghana Ghana/Gaana/Gana
58%
Indonesia Indonesia
58%
Kiribati Kiribati
58%
Madagascar Madagasikara/Madagascar
58%
Mali Mali/Maali
58%
Namibia Namibia/Namibië
58%
Netherlands Nederland/Nederlân
58%
Nepal Nepāl
58%
Nigeria Nigeria/Nijeriya/Naìjíríyà/Nàìjíríá
58%
Niger Niger/Nijar
58%
Japan Nihon/Nippon
58%
Poland Polska
58%
Qatar Qatar
58%
Kazakhstan Qazaqstan/Kazakhstán
58%
Senegal Sénégal/Senegaal
58%
Solomon Islands Solomon Islands/Solomon Aelan
58%
Thailand Thai/Prathet Thai/Ratcha-anachak Thai
58%
Togo Togo
58%
Uganda Uganda
58%
Vanuatu Vanuatu
58%
Zambia Zambia
58%
Zimbabwe Zimbabwe
58%
Benin Bénin
53%
Burkina Faso Burkina Faso
53%
Grenada Grenada
53%
Kosovo Kosova/Kosovo
53%
Luxembourg Lëtzebuerg/Luxemburg/Luxembourg
53%
Mauritius Mauritius/Maurice/Moris
53%
Moldova Moldova
53%
Philippines Philippines/Philippines
53%
Peru Pilipinas/Philippines
53%
Rwanda Rwanda
53%
Switzerland Schweiz/Suisse/Svizzera/Svizra
53%
Seychelles Sesel/Seychelles
53%
Singapore Singapura/Singapore/Xīnjiāpō/Singapur
53%
The Gambia The Gambia/Kambiya/Gambi/Gámbi
53%
Burundi Uburundi/Burundi
53%
Taiwan Zhōnghuá Mínguó/Táiwān
53%
Bangladesh Bānglādesh
47%
Brunei Brunei
47%
Cape Verde Cabo Verde
47%
Côte d'Ivoire Côte d'Ivoire
47%
Djibouti Jībūtī/Djibouti/Jabuuti/Gabuuti
47%
Kenya Kenya
47%
Kyrgyzstan Kyrgyzstan
47%
Liberia Liberia
47%
Liechtenstein Liechtenstein
47%
Malawi Malawi/Malaŵi
47%
Myanmar Myanma
47%
Austria Österreich
47%
Papua New Guinea Papua New Guinea/Papua Niugini/Papua Niu Gini
47%
San Marino San Marino
47%
Sierra Leone Sierra Leone
47%
Tanzania Tanzania
47%
East Timor Timor Lorosa'e/Timor-Leste
47%
Turkmenistan Türkmenistan
47%
Iceland Ísland
42%
Libya Libya/Lībiyā
42%
Malaysia Malaysia
42%
Monaco Monaco/Múnegu
42%
São Tomé and Príncipe São Tomé and Príncipe
42%
Denmark Danmark
37%
Greece Ellada/Hellas
37%
Dominican Republic República Dominicana
37%
Russia Rossiya/Rossiâ
37%
Estonia Eesti
32%
Croatia Hrvatska
32%
Norway Norge/Noreg/Norga/vuodna/Nöörje
32%
Sweden Sverige
32%
Afghanistan Afġānistān
26%
Comoros Komori/Juzur al-Qumur/Comores
26%
Lithuania Lietuva
26%
South Sudan South Sudan/Paguot/Thudän/Sudan Kusini
26%
Vatican City Civitas Vaticana/Città del Vaticano
21%
Algeria Dzayer/Al-Jazā'ir
21%
Guinea Guinée/Gine
21%
Armenia Hayastán
21%
Cyprus Kypros/Kıbrıs
21%
Lebanon Lubnān/Liban
21%
Egypt Misr/Masr
21%
Georgia Sak'art'velo
21%
Slovakia Slovensko
21%
Iraq Al-'Iraq/Êraq
16%
Jordan Al-'Urdun
16%
Yemen Al-Yaman
16%
Azerbaijan Azərbaycan
16%
Czech Republic Česká Republika/Česko
16%
Montenegro Crna Gora
16%
Maldives Dhivehi/Raajje
16%
Bhutan Druk Yul
16%
Equatorial Guinea Guinea Ecuatorial/Guinée Équatoriale/ Guiné Equatorial
16%
Latvia Latvija
16%
Hungary Magyarország
16%
Mozambique Moçambique/Muzambhiki
16%
Albania Shqipëria
16%
Slovenia Slovenija
16%
Serbia Srbija
16%
Tunisia Tunes/Tūns
16%
Israel Yisra'el/Isra'iyl
16%
Bahrain Al-Bahrayn
11%
Morocco Amerruk/Elmeɣrib/Al-Maɣréb
11%
Sudan As-Sudan
11%
Bulgaria Bălgariya/Bălgarija
11%
Bosnia and Herzegovina Bosnia i Hercegovina
11%
North Korea Chosŏn/Bukchosŏn
11%
Kuwait Dawlat ul-Kuwayt/il-ikwet
11%
Guinea-Bissau Guiné-Bissau/Gine-Bisaawo/Gine-Bisawo
11%
South Korea Hanguk/Namhan
11%
Eritrea Iritriya/Ertra
11%
Ethiopia Ityop'ia
11%
Cambodia Kămpŭchéa
11%
Mongolia Mongol Uls
11%
Mauritania Muritan/Agawec/Mūrītānyā
11%
Uzbekistan O'zbekiston
11%
Republic of the Congo République du Congo/ Repubilika ya Kôngo/Republíki ya Kongó
11%
Syria Suriyah
11%
Chad Tchad/Tšād
11%
Ukraine Ukrajina
11%
Oman 'Umān
11%
Vietnam Việt Nam
11%
China Zhōngguó
11%
United Arab Emirates Al-'Imārat Al-'Arabiyyah Al-Muttahidah
5%
Saudi Arabia Al-Mamlaka Al-'Arabiyyah as Sa'ūdiyyah
5%
Central African Republic Centrafrique/Bêafrîka
5%
North Macedonia Saverna Makedonija/Maqedonia e Veriut
5%
Democratic Republic of the Congo République Démocratique du Congo/Republíki ya Kongó Demokratíki/Repubilika ya Kôngo ya Dimokalasi/Jamhuri ya Kidemokrasia ya Kongo
5%
Somalia Soomaaliya as-Sūmāl
5%
Tajikistan Tojiliston
0%
No matching quizzes found
Score Distribution
Percent of People with Each Score
Percentile by Number Answered
Your Score History
You have not taken this quiz